|
|
|
|
| LEADER |
00000nam a2200000 a 4500 |
| 001 |
vtls001370152 |
| 003 |
SK-MaSNL |
| 005 |
20260428044123.0 |
| 008 |
240509s1999 xo ap r yy slo |
| 015 |
|
|
|a SNBA1999/11-04081
|
| 020 |
|
|
|a 8022510742
|c 98,00 Sk
|
| 035 |
|
|
|a SNK000323914
|
| 035 |
|
|
|a urn:nbn:sk:snk-amkqwj
|
| 035 |
|
|
|a urn:nbn:sk:snk-am005c0y
|
| 035 |
|
|
|a EBACA03B-2EDA-4B81-B348-42627D672DFD
|
| 040 |
|
|
|a SNK
|b slo
|c SNK
|e AACR2
|
| 041 |
0 |
|
|a slo
|
| 044 |
|
|
|a xo
|c SK
|
| 080 |
|
|
|a 65.012.4:658(075.8)(076.5)
|2 1981
|
| 080 |
|
|
|a 658(076.5)
|2 1981
|
| 100 |
1 |
|
|a Čihovská, Viera,
|d 1948-
|4 aut
|9 109733
|
| 245 |
1 |
0 |
|a Manažment obchodnej firmy
|b zbierka príkladov a prípadových štúdií
|c Viera Čihovská a kolektív
|
| 260 |
|
|
|a Bratislava
|b Ekonóm
|c 1999
|
| 300 |
|
|
|a 222 s., [23] s. príl.
|b sch., tab.
|c 29 cm
|
| 500 |
|
|
|a 200 výt.
|
| 504 |
|
|
|a Bibliogr. s. 220-222
|
| 650 |
0 |
7 |
|a firmy obchodné
|x manažment
|x zbierky úloh
|2 SNK
|9 293690
|
| 650 |
0 |
7 |
|a manažment
|x firmy obchodné
|x zbierky úloh
|2 SNK
|9 293691
|
| 655 |
|
7 |
|a Textbooks (higher)
|2 SNKPHeng
|9 276436
|
| 655 |
|
7 |
|a učebnice vysokých škôl
|2 SNKPH
|9 70191
|
| 700 |
1 |
|
|a Kita, Jaroslav,
|d 1949-2026
|4 aut
|9 204778
|
| 700 |
1 |
|
|a Vávra, Viktor,
|d 1932-
|4 aut
|9 219923
|
| 700 |
1 |
|
|a Hanuláková, Eva,
|d 1964-
|4 aut
|9 101583
|
| 700 |
1 |
|
|a Mariaš, Miroslav,
|d 1950-
|4 aut
|9 205464
|
| 700 |
1 |
|
|a Hasprová, Mária,
|d 1970-
|4 aut
|9 216442
|
| 919 |
|
|
|a 80-225-1074-2
|
| 958 |
|
|
|a TL
|
| 958 |
|
|
|a UV
|
| 958 |
|
|
|a NB
|
| 999 |
|
|
|c 549697
|d 551627
|
| 952 |
|
|
|t P60, <03>, [BOOK], {603}
|a SNK
|b SNK
|y PREZ
|7 0
|p 17A0203125
|o snkSB 60766
|i snkKSP 8366/99
|0 0
|1 0
|4 0
|d 1999-08-16
|l 0
|r 2025-04-11 00:00:00
|w 2026-02-23
|
| 952 |
|
|
|t P60, <04>, [BOOK], {604}
|a SNK
|b SNK
|y VYP
|7 0
|p 17A0203126
|o snkSB 60766 D1
|i snkKSP 8367/99
|0 0
|1 0
|4 0
|d 1999-08-16
|f 1
|l 0
|r 2005-01-02 00:00:00
|w 2026-02-23
|